| 000 | 00000nam 2200000zi 4500 |
| 001 | 9.946464 |
| 003 | CaOODSP |
| 005 | 20250403102726 |
| 006 | m o d f |
| 007 | cr cn||||||||| |
| 008 | 241230t20252025onca obs f000 0 fre d |
| 020 | |a9780660751160 |
| 040 | |aCaOODSP|bfre|erda|cCaOODSP |
| 043 | |an-cn--- |
| 086 | 1 |aCS11-627/2025-15F-PDF |
| 245 | 04|aLes professionnels et professionnelles de la santé buccodentaire au Canada, 2021. |
| 264 | 1|a[Ottawa] : |bStatistique Canada = Statistics Canada, |c[2025] |
| 264 | 4|c©2025 |
| 300 | |a1 ressource en ligne (1 page non numérotée) : |billustrations |
| 336 | |atexte|btxt|2rdacontent/fre |
| 337 | |ainformatique|bc|2rdamedia/fre |
| 338 | |aressource en ligne|bcr|2rdacarrier/fre |
| 500 | |aTitre de départ. |
| 500 | |aPublié aussi en anglais sous le titre : Oral health professionals in Canada, 2021. |
| 504 | |aComprend des références bibliographiques. |
| 520 | |a« Cette infographie utilise les données des Recensements de la population de 2016 et de 2021 pour examiner la répartition géographique des professionnels et professionnelles de la santé buccodentaire au Canada » -- Fourni par l'éditeur. |
| 650 | 6|aPersonnel dentaire|zCanada|vStatistiques. |
| 655 | 7|aStatistiques|2rvmgf |
| 655 | 7|aInfographies|2rvmgf |
| 710 | 2 |aStatistique Canada, |eorganisme de publication. |
| 775 | 08|tOral health professionals in Canada, 2021.|w(CaOODSP)9.946465 |
| 856 | 40|qPDF|s614 Ko|uhttps://publications.gc.ca/collections/collection_2025/statcan/11-627-m/11-627-m2025015-fra.pdf |
| 856 | 4 |qHTML|sS.O.|uhttps://www150.statcan.gc.ca/n1/pub/11-627-m/11-627-m2025015-fra.htm |